[Event "2024 British Rapidplay Championship"]
[Site "Holiday Inn Peterborough - West"]
[Date "2024.03.03"]
[Round "11.65"]
[White "Iyengar, Srihari R"]
[Black "Mitraka, Chrysa"]
[Result "0-1"]
[WhiteFideId "441970"]
[BlackFideId "2409968"]
[WhiteElo "1889"]
[BlackElo "1612"]
[EventDate "2024.03.02"]

1. d4 d5 2. Nf3 Nf6 3. Bg5 e6 4. Nbd2 Be7 5. e3 Nbd7 6. Bd3 h6 7. Bh4 b6 8. Rc1 Bb7
9. O-O O-O 10. Re1 Rc8 11. c3 c5 12. Bb1 Re8 13. Bg3 c4 14. Qc2 b5 15. a3 a5 16.
h3 b4 17. axb4 axb4 18. Nh2 b3 19. Qd1 Nb6 20. Ndf1 Ra8 21. f3 Ra7 22. Bf2 Qa8 23.
g4 Na4 24. Re2 Bd6 25. Bg3 Be7 26. h4 Kf8 27. g5 hxg5 28. hxg5 Ng8 29. Rg2 Bxg5 30.
Be5 Bf6 31. f4 Bxe5 32. fxe5 Bc6 33. Qg4 g6 34. Qg5 Qd8 35. Qf4 Ke7 36. Bxg6 fxg6
37. Rxg6 Kd7 38. Qf7+ Qe7 39. Qf2 Rf8 40. Qg2 Kd8 41. Rxg8 Rxg8 42. Qxg8+ Kc7 43.
Qg2 Ra8 44. Rb1 Qf7 45. Ng4 Rg8 46. Nfh2 Be8 47. Qf2 Qg6 48. Ra1 Qg7 49. Kh1 Rh8
50. Nf6 Bc6 51. Qg2 Qxg2+ 52. Kxg2 Nxb2 53. Ra7+ Kb6 54. Ra1 Nd3 55. Nf3 b2 56. Rb1
Ba4 57. Ne1 Nxe1+ 58. Rxe1 Bc2 0-1

[Event "2024 British Rapidplay Championship"]
[Site "Holiday Inn Peterborough - West"]
[Date "2024.03.03"]
[Round "11.66"]
[White "Jacklin, Sam"]
[Black "Basson, Heinrich"]
[Result "0-1"]
[WhiteFideId "343414850"]
[BlackFideId "14301440"]
[WhiteElo "1723"]
[BlackElo "1848"]
[EventDate "2024.03.02"]

1. d4 d5 2. c4 c6 3. Nf3 Nf6 4. Nc3 e6 5. g3 Bd6 6. Bg2 O-O 7. O-O Nbd7 8. Qd3 Re8
9. e4 dxe4 10. Nxe4 Nxe4 11. Qxe4 c5 12. Rd1 Qc7 13. b3 Nf6 14. Qc2 cxd4 15. Nxd4
a6 16. Bb2 e5 17. Nf5 Bc5 18. a3 Ng4 19. Rd2 Qb6 20. h3 Nxf2 21. Rxf2 Bxf2+ 22. Qxf2
Qxf2+ 23. Kxf2 Bxf5 24. Bxb7 Ra7 25. Bc6 Rd8 26. Bd5 Be6 27. Bxe5 Bxd5 28. cxd5 Rxd5
29. Bf4 Rb7 30. b4 a5 31. Rc1 h6 32. bxa5 Rxa5 33. Bd6 Rb3 34. Rc8+ Kh7 35. Rc7 Kg6
36. Rc4 Rd5 37. Bb4 Rdd3 38. Rg4+ Kh7 39. h4 Rb2+ 40. Ke1 Re3+ 41. Kd1 Ra2 42. Bc5
Rf3 43. Ke1 Rb3 44. Rd4 Rxg3 45. Rd1 Rh3 46. Bf2 Rg3 0-1

[Event "2024 British Rapidplay Championship"]
[Site "Holiday Inn Peterborough - West"]
[Date "2024.03.03"]
[Round "11.67"]
[White "Hu, Junyan"]
[Black "Pelling, Kyle"]
[Result "0-1"]
[WhiteFideId "343401260"]
[BlackFideId "462942"]
[WhiteElo "1611"]
[BlackElo "1818"]
[EventDate "2024.03.02"]

1. e4 g6 2. d4 Bg7 3. Nf3 c5 4. d5 d6 5. c4 Nf6 6. Bd3 O-O 7. O-O e6 8. Nc3 exd5
9. exd5 Re8 10. h3 Nbd7 11. Bf4 Ne5 12. Be2 h5 13. Qd2 Bd7 14. Rac1 a6 15. Rfe1 Rb8
16. a4 Qa5 17. b3 Qb4 18. Qa2 Nxf3+ 19. gxf3 Bxh3 20. Bxd6 Rbd8 21. Bg3 Bh6 22. f4
Bg4 23. Kg2 Bg7 24. Bxg4 Rxe1 25. Rxe1 Nxg4 26. f3 Bxc3 27. Re2 Nh6 28. Bh4 Rc8 29.
Bg5 Nf5 30. Qb1 f6 31. Re6 Kg7 32. Qe4 fxg5 33. Rxg6+ Kxg6 34. Qe6+ Bf6 35. Qxc8
Qd2+ 36. Kh3 g4+ 37. fxg4 hxg4+ 38. Kxg4 Qg2# 0-1

[Event "2024 British Rapidplay Championship"]
[Site "Holiday Inn Peterborough - West"]
[Date "2024.03.03"]
[Round "11.68"]
[White "Mittal, Aditya"]
[Black "Pradhan, Ayan"]
[Result "1/2-1/2"]
[WhiteFideId "499250"]
[BlackFideId "498319"]
[WhiteElo "1794"]
[BlackElo "1622"]
[EventDate "2024.03.02"]

1. b3 d5 2. Bb2 e6 3. Nf3 Nf6 4. c4 Be7 5. e3 O-O 6. Be2 c5 7. O-O Nc6 8. cxd5 Nxd5
9. d4 cxd4 10. Nxd4 Nxd4 11. Bxd4 Bf6 12. Bf3 Bxd4 13. Qxd4 Qf6 14. Qxf6 Nxf6 15.
Nc3 Rb8 16. Rac1 Bd7 17. Ne4 Nxe4 18. Bxe4 f5 19. Rc7 Bb5 20. Bxb7 Bxf1 21. Kxf1
Rf7 22. Rc8+ Rxc8 23. Bxc8 Re7 24. Ke2 e5 25. Bxf5 g6 26. Be4 Kf7 27. Kd3 Rc7 28.
a4 Ke6 29. h4 Kd6 30. b4 Rc1 31. h5 gxh5 32. Bxh7 Rd1+ 33. Kc3 Rf1 34. a5 Rxf2 35.
Be4 h4 36. Kc4 Re2 37. Kd3 Rb2 38. Kc4 Re2 39. Kd3 Rb2 40. Kc4 Re2 41. Kb5 Rxe3 42.
Bb7 1/2-1/2

[Event "2024 British Rapidplay Championship"]
[Site "Holiday Inn Peterborough - West"]
[Date "2024.03.03"]
[Round "11.69"]
[White "Hill, Callum"]
[Black "Patel, Keatan"]
[Result "0-1"]
[WhiteFideId "343403913"]
[BlackFideId "477613"]
[WhiteElo "1635"]
[BlackElo "1779"]
[EventDate "2024.03.02"]

1. e4 c6 2. d4 d5 3. exd5 cxd5 4. Bf4 Bf5 5. Nf3 e6 6. c3 Bd6 7. Bg3 Bxg3 8. hxg3
Nf6 9. Nbd2 h6 10. Bb5+ Nc6 11. Ne5 Qc7 12. g4 Bh7 13. Qa4 O-O 14. Bxc6 bxc6 15.
Qxc6 Qxc6 16. Nxc6 Nxg4 17. Nf3 a5 18. Nfe5 Nxe5 19. Nxe5 a4 20. O-O Rfb8 21. Nc6
Rxb2 22. Nb4 Rc8 23. Rfc1 a3 24. f3 g5 25. Kh2 g4 26. Kg3 gxf3 27. gxf3 Kg7 28. Kh4
Kf6 29. Na6 Rg8 30. Kh3 Bf5+ 31. Kh4 Rh2# 0-1

[Event "2024 British Rapidplay Championship"]
[Site "Holiday Inn Peterborough - West"]
[Date "2024.03.03"]
[Round "11.70"]
[White "Cheng, Louis"]
[Black "Kaushik, Madhav"]
[Result "1-0"]
[WhiteFideId "2410389"]
[BlackFideId "499986"]
[WhiteElo "1840"]
[BlackElo "1559"]
[EventDate "2024.03.02"]

1. e4 c5 2. Nc3 d6 3. d4 cxd4 4. Qxd4 Nc6 5. Qd2 g6 6. b3 Bh6 7. f4 e5 8. g3 Nf6
9. Bb2 O-O 10. O-O-O Re8 11. Bg2 Bg4 12. Nge2 Nd4 13. Rhf1 Rc8 14. Nxd4 exd4 15.
Qxd4 Bg7 16. Rd3 Nxe4 17. Qb4 a5 18. Qxe4 Rxe4 19. Bxe4 Bxc3 20. Rxc3 Rxc3 21. Bxc3
d5 22. Bd3 d4 23. Bb2 Qd5 24. Re1 Bf3 25. Re5 Qd8 26. a4 f6 27. Bc4+ Kf8 28. Ba3+
Kg7 29. Re7+ Kh6 30. Rf7 Bd5 31. Bf8+ Kh5 32. Be2+ 1-0

[Event "2024 British Rapidplay Championship"]
[Site "Holiday Inn Peterborough - West"]
[Date "2024.03.03"]
[Round "11.71"]
[White "Grigoryan, Meri"]
[Black "Mouskos, Mia"]
[Result "1-0"]
[WhiteFideId "13300571"]
[BlackFideId "488380"]
[WhiteElo "1957"]
[BlackElo "1539"]
[EventDate "2024.03.02"]

1. Nc3 e6 2. Nf3 d5 3. d4 Nf6 4. Bg5 c6 5. e3 Nbd7 6. a3 Bd6 7. Bd3 O-O 8. Qd2 Qc7
9. e4 dxe4 10. Nxe4 Nxe4 11. Bxe4 h6 12. Bxh6 gxh6 13. Qxh6 f5 14. Qg6+ Kh8 15. Qh6+
Kg8 16. Qg6+ Kh8 17. Qh6+ Kg8 18. Qxe6+ Kh8 19. Qh6+ Kg8 20. Qg6+ Kh8 21. Bd3 Nf6
22. O-O-O Bd7 23. g3 Ng4 24. Qh5+ Kg8 25. Bc4+ Kg7 26. Ng5 Nf6 27. Qf3 Rae8 28. h4
b5 29. Bb3 Rh8 30. h5 Rh6 31. Nf7 Rh7 32. h6+ Kf8 33. Ng5 Rh8 34. d5 c5 35. Ne6+
Bxe6 36. dxe6 Ng4 37. Qxf5+ Ke7 38. Qxg4 Rhg8 39. Qh4+ Kf8 40. Qf6+ Qf7 41. Qxf7#
1-0

[Event "2024 British Rapidplay Championship"]
[Site "Holiday Inn Peterborough - West"]
[Date "2024.03.03"]
[Round "11.72"]
[White "Cheng, Wing"]
[Black "Rogowski, Rafal"]
[Result "1-0"]
[WhiteFideId "343443621"]
[BlackFideId "343415970"]
[WhiteElo "1829"]
[BlackElo "1591"]
[EventDate "2024.03.02"]

1. e4 d6 2. d4 c6 3. Nc3 Nd7 4. Nf3 h6 5. Bc4 g5 6. e5 dxe5 7. dxe5 e6 8. Ne4 Qa5+
9. Bd2 Qc7 10. Bc3 g4 11. Nd6+ Bxd6 12. exd6 Qb6 13. Bxh8 gxf3 14. Qxf3 Qb4+ 15.
Qc3 Qxd6 16. O-O b5 17. Bb3 c5 18. a4 b4 19. Qf3 Rb8 20. Rad1 Qe7 21. Qg3 Qf8 22.
Rxd7 1-0

[Event "2024 British Rapidplay Championship"]
[Site "Holiday Inn Peterborough - West"]
[Date "2024.03.03"]
[Round "11.73"]
[White "Liu, Jacob"]
[Black "Smith, Gary P"]
[Result "1-0"]
[WhiteFideId "496960"]
[BlackFideId "424625"]
[WhiteElo "1573"]
[BlackElo "1815"]
[EventDate "2024.03.02"]

1. e4 e5 2. Nf3 Nf6 3. Nxe5 d6 4. Nf3 Nxe4 5. d3 Nf6 6. d4 d5 7. Bd3 Be7 8. Bf4 O-O
9. O-O Bg4 10. h3 Bh5 11. Re1 Nc6 12. c3 Bd6 13. Bg5 h6 14. Bh4 Kh8 15. Nbd2 g5 16.
Bg3 Bxg3 17. fxg3 g4 18. hxg4 Bxg4 19. Nf1 Qd6 20. Qd2 Kg7 21. Ne5 Rae8 22. Nxg4
Nxg4 23. Qf4 Qxf4 24. gxf4 Re7 25. Ng3 Kh8 26. Rxe7 Nxe7 27. Re1 Ng6 28. Bxg6 fxg6
29. Re7 Kg8 30. Kh1 Rxf4 31. Rxc7 h5 32. Kg1 h4 33. Nf1 Re4 34. Rxb7 Re1 35. Rxa7
Ne3 36. Kf2 Rxf1+ 37. Kxe3 g5 38. Ra6 Kg7 39. Ke2 Rf5 40. b4 g4 41. Ra7+ Kg6 42.
Ra6+ Kg5 43. Ra8 h3 44. gxh3 gxh3 45. a4 Kg4 46. Rg8+ Kh4 47. Rh8+ Kg4 48. a5 Kg3
49. b5 Rf2+ 50. Ke3 Ra2 51. Rg8 Kh2 52. a6 Kh1 53. c4 h2 54. c5 Rg2 55. Rh8 Kg1 56.
Rxh2 Rxh2 57. b6 Rh3+ 58. Kf4 Kf2 59. a7 Rh4+ 1-0

[Event "2024 British Rapidplay Championship"]
[Site "Holiday Inn Peterborough - West"]
[Date "2024.03.03"]
[Round "11.74"]
[White "Takvorian, Sebouh"]
[Black "Manavalan, Keerthi Kumar"]
[Result "1-0"]
[WhiteFideId "430960"]
[BlackFideId "343412661"]
[WhiteElo "1735"]
[BlackElo "1559"]
[EventDate "2024.03.02"]

1. e4 c5 2. Nc3 d6 3. g3 g6 4. Bg2 Bg7 5. d3 Nf6 6. f4 Nc6 7. Nf3 Rb8 8. O-O Bg4
9. h3 Bxf3 10. Qxf3 Nd4 11. Qf2 O-O 12. f5 b5 13. g4 b4 14. Nd1 h6 15. c3 bxc3 16.
bxc3 Nc6 17. Qh4 g5 18. Qg3 Qb6 19. h4 gxh4 20. Qxh4 Ne5 21. Bxh6 Nexg4 22. Bxg7
Kxg7 23. Qg5+ Kh7 24. Rf3 Nh6 25. Rh3 Nfg4 26. Qxg4 Rg8 27. Qf4 Rxg2+ 28. Kxg2 Rg8+
29. Kf3 d5 30. e5 Qc6 31. d4 cxd4 32. e6 1-0

[Event "2024 British Rapidplay Championship"]
[Site "Holiday Inn Peterborough - West"]
[Date "2024.03.03"]
[Round "11.75"]
[White "Letton, Rob"]
[Black "Sudagar, Vidhyuth Kavin"]
[Result "1-0"]
[WhiteFideId "464384"]
[BlackFideId "343430244"]
[WhiteElo "1722"]
[BlackElo "1542"]
[EventDate "2024.03.02"]

1. e4 c6 2. d4 d5 3. exd5 cxd5 4. Bd3 Nf6 5. c3 Nc6 6. Bf4 Bg4 7. Qb3 Qb6 8. Qxb6
axb6 9. Nd2 e6 10. Ngf3 Bxf3 11. Nxf3 Be7 12. O-O O-O 13. Ne5 Nxe5 14. Bxe5 Ng4 15.
Bc7 Bd8 16. Bd6 Re8 17. h3 Nh6 18. Bb5 Re7 19. Bxe7 Bxe7 20. a4 Nf5 21. Rfe1 Nd6
22. g3 h6 23. Bd3 Bg5 24. f4 Bf6 25. Kf2 g6 26. Kf3 h5 27. g4 h4 28. g5 Be7 29. Kg4
Nf5 30. Bxf5 gxf5+ 31. Kxh4 Bd6 32. Kg3 Kg7 33. h4 Kg6 34. b4 Rc8 35. Re3 Kh5 36.
a5 bxa5 37. Rxa5 b6 38. Ra7 Rc7 39. Rxc7 Bxc7 40. Re2 Kg6 41. Rh2 Kh5 42. Ra2 Kg6
43. Ra7 Bd8 44. Ra8 Bc7 45. Rg8+ Kh7 46. Rc8 Bd6 47. h5 Kg7 48. Rc6 Be7 49. Rxb6
Bd8 50. Rb7 Kf8 51. Rb8 Ke7 52. Rxd8 Kxd8 53. h6 Ke8 54. h7 Kf8 55. h8=Q+ Ke7 56.
Qf6+ Ke8 57. b5 Kd7 58. Qxf7+ Kd6 59. Qf8+ Kc7 60. Qc5+ Kb7 61. g6 Kb8 62. g7 Kb7
63. Qc6+ Ka7 64. Qa6+ Kb8 65. g8=Q+ Kc7 66. Qf7+ Kb8 67. Qab7# 1-0

[Event "2024 British Rapidplay Championship"]
[Site "Holiday Inn Peterborough - West"]
[Date "2024.03.03"]
[Round "11.76"]
[White "Dupuis, Daniel"]
[Black "Railwani, Tavish"]
[Result "0-1"]
[WhiteFideId "343410529"]
[BlackFideId "2410249"]
[WhiteElo "1542"]
[BlackElo "1714"]
[EventDate "2024.03.02"]

1. e4 e6 2. d4 d5 3. exd5 exd5 4. c4 c6 5. Nc3 Be7 6. Qb3 Nf6 7. Nf3 O-O 8. Be3 dxc4
9. Bxc4 Nbd7 10. O-O b5 11. Be2 Nb6 12. Ne5 Bb7 13. Bf3 Rc8 14. Rac1 Bd6 15. Nxb5
cxb5 16. Bxb7 Rxc1 17. Rxc1 Qb8 18. Bc6 Bxe5 19. dxe5 Qxe5 20. Bxb6 axb6 21. Bxb5
Qf4 22. Rd1 Qe4 23. Bd3 Qc6 24. h3 h6 25. a3 Qc5 26. Qa2 Rc8 27. b4 Qe5 28. Bc4 Rf8
29. a4 Qh5 30. Rd6 Re8 31. Rxb6 Re1+ 32. Bf1 Rxf1+ 33. Kh2 Qe5+ 34. g3 Qe4 35. g4
Qh1+ 36. Kg3 Rg1+ 37. Kf4 Qe4# 0-1

[Event "2024 British Rapidplay Championship"]
[Site "Holiday Inn Peterborough - West"]
[Date "2024.03.03"]
[Round "11.77"]
[White "Zeynalli, Nial"]
[Black "Markan, Sanket"]
[Result "1/2-1/2"]
[WhiteFideId "343404332"]
[BlackFideId "343442226"]
[WhiteElo "1527"]
[BlackElo "1680"]
[EventDate "2024.03.02"]

1. Nf3 Nf6 2. g3 d5 3. Bg2 Bf5 4. O-O e6 5. d3 c5 6. Nbd2 Nc6 7. Re1 Be7 8. Nh4 Bg4
9. h3 Bh5 10. g4 Bg6 11. Nxg6 hxg6 12. e4 Qc7 13. Nf3 dxe4 14. dxe4 Rd8 15. Qe2 Ne5
16. Nxe5 Qxe5 17. c3 O-O 18. f4 Qc7 19. Qf3 c4 20. Be3 Rd3 21. Rad1 Rfd8 22. e5 Nh7
23. Rxd3 Rxd3 24. Bf1 Rxe3 25. Rxe3 Bc5 26. Kh2 Bxe3 27. Qxe3 b5 28. Qd4 g5 29. fxg5
Nxg5 30. Qf4 Qxe5 31. Qxe5 Nf3+ 32. Kg3 Nxe5 33. Kf4 f6 34. Ke4 Kf7 35. Kd4 Nd7 36.
Bg2 Ke7 37. Bc6 a6 38. a4 Kd6 39. axb5 1/2-1/2

[Event "2024 British Rapidplay Championship"]
[Site "Holiday Inn Peterborough - West"]
[Date "2024.03.03"]
[Round "11.78"]
[White "Keshari, Krish"]
[Black "Patel, Diah"]
[Result "1-0"]
[WhiteFideId "496197"]
[BlackFideId "496677"]
[WhiteElo "1666"]
[BlackElo "1545"]
[EventDate "2024.03.02"]

1. e4 e5 2. Nf3 Nc6 3. d4 exd4 4. Nxd4 Nf6 5. Nc3 Bc5 6. Be3 d6 7. Nxc6 bxc6 8. Bxc5
dxc5 9. Qxd8+ Kxd8 10. O-O-O+ Ke7 11. f3 Re8 12. Bc4 Kf8 13. Rhe1 Rb8 14. e5 Nd7
15. f4 Rb4 16. b3 Nb6 17. a3 Bg4 18. Rd3 Bf5 19. Rg3 Nxc4 20. axb4 Na3 21. Ne4 cxb4
22. Rg5 Bxe4 23. Rxe4 a5 24. e6 fxe6 25. Rxa5 Rb8 26. Rc5 Kg8 27. Rxe6 Nb5 28. Rexc6
Nc3 29. Kb2 Ra8 30. Rxc3 bxc3+ 31. Kxc3 Rf8 32. g3 Rf7 33. b4 h6 34. h4 Kh7 35. Kd3
g5 36. hxg5 hxg5 37. Rc4 gxf4 38. Rxf4 Rg7 39. Rf3 Rd7+ 40. Kc4 Rd2 41. c3 Rd6 42.
Rf7+ Kg8 43. Rxc7 Rg6 44. Kb5 Rg5+ 45. Rc5 Rxg3 46. Kb6 Rg6+ 47. Rc6 Rg7 48. c4 Kf8
49. c5 Ke8 50. Rc8+ Kf7 51. Rc7+ Kg6 52. Rxg7 Kxg7 53. c6 Kf7 54. c7 Ke7 55. c8=Q
Kd6 56. Qc7 Kd5 57. Qc6+ Kd4 58. Qc5+ Kd3 59. Qe5 Kc2 60. Qd4 Kb1 61. Qd2 Ka1 62.
Ka5 Kb1 63. Ka4 Ka1 64. Ka3 Kb1 65. Qb2# 1-0

[Event "2024 British Rapidplay Championship"]
[Site "Holiday Inn Peterborough - West"]
[Date "2024.03.03"]
[Round "11.79"]
[White "Mehta, Sophie"]
[Black "Ebbutt, Samuel"]
[Result "1/2-1/2"]
[WhiteFideId "487996"]
[BlackFideId "343421644"]
[WhiteElo "1635"]
[BlackElo "1521"]
[EventDate "2024.03.02"]

1. d4 c6 2. Bf4 d6 3. e3 Nf6 4. Nf3 Bg4 5. Nbd2 Nbd7 6. Be2 Bxf3 7. Nxf3 g6 8. O-O
Bg7 9. h3 O-O 10. c4 Re8 11. Rc1 e5 12. dxe5 Nxe5 13. Nxe5 dxe5 14. Bh2 Qb6 15. b3
Rad8 16. Qc2 a5 17. Rfd1 Rxd1+ 18. Rxd1 h5 19. c5 Qc7 20. Bc4 Kh7 21. Bg3 Qe7 22.
Be2 Nd5 23. Bxh5 Nb4 24. Qb1 e4 25. Bd6 Qf6 26. Be2 Nd5 27. Qc2 Nc3 28. Rd4 Nxe2+
29. Qxe2 Kg8 30. Qd2 Bf8 31. Bxf8 Kxf8 32. Qxa5 Kg7 33. Qc7 Re5 34. Qd6 Re6 35. Qc7
Re5 36. b4 Rf5 37. Qd6 Qh4 38. f4 Qe1+ 39. Kh2 Qxe3 40. a4 Rxf4 41. Qe5+ Kh7 42.
Rd8 1/2-1/2

[Event "2024 British Rapidplay Championship"]
[Site "Holiday Inn Peterborough - West"]
[Date "2024.03.03"]
[Round "11.81"]
[White "Fisher, Neal"]
[Black "Borgars, Alan"]
[Result "1-0"]
[WhiteFideId "442100"]
[BlackFideId "343433880"]
[WhiteElo "1647"]
[BlackElo "1522"]
[EventDate "2024.03.02"]

1. d4 d5 2. Bf4 Nc6 3. e3 Nf6 4. c3 Bf5 5. Nf3 e6 6. Nbd2 Bd6 7. Ne5 O-O 8. Ndf3
Ne4 9. g4 Nxe5 10. gxf5 Nxf3+ 11. Qxf3 exf5 12. Bxd6 Qxd6 13. Qxf5 Rae8 14. Bd3 Re6
15. Bxe4 Rxe4 16. O-O-O Rfe8 17. Rhg1 g6 18. Qh3 Qf6 19. Rd2 b5 20. Qg3 c6 21. Kd1
a5 22. Rh1 b4 23. h4 bxc3 24. bxc3 h5 25. Rb2 Rg4 26. Qh2 Qf3+ 27. Kc1 Rg2 28. Qh3
Rxf2 29. Qxf3 Rxf3 30. Rb6 Re6 31. Re1 Rh3 32. Kd2 Rxh4 33. Ra6 Rh2+ 34. Re2 Rxe2+
35. Kxe2 f5 36. Rxa5 f4 37. Ra8+ Kg7 38. a4 Rxe3+ 39. Kd2 Re7 40. Rb8 f3 41. Rb1
g5 42. a5 g4 43. a6 g3 44. Rb7 Rxb7 45. axb7 f2 46. Ke2 g2 47. Kxf2 1-0

[Event "2024 British Rapidplay Championship"]
[Site "Holiday Inn Peterborough - West"]
[Date "2024.03.03"]
[Round "11.82"]
[White "Hristov, Georgi"]
[Black "Shankar, Yashwardhan"]
[Result "0-1"]
[WhiteFideId "5901766"]
[BlackFideId "2411067"]
[WhiteElo "1654"]
[BlackElo "1254"]
[EventDate "2024.03.02"]

1. d4 Nf6 2. Nf3 g6 3. c4 Bg7 4. e3 d6 5. Bd3 O-O 6. Nc3 b6 7. b3 Bb7 8. Bb2 Nbd7
9. O-O e5 10. d5 Ne8 11. e4 f5 12. exf5 gxf5 13. Ng5 Qxg5 14. Re1 Nc5 15. Re3 f4
16. Rf3 Bc8 17. Ne4 Nxe4 18. Bxe4 Bg4 19. Qd3 Bxf3 20. Bxf3 Nf6 21. g3 e4 22. Bxe4
Nxe4 23. Qxe4 Bxb2 24. Re1 Rae8 25. Qb1 Rxe1+ 26. Qxe1 Be5 27. Qd2 Qg4 28. Qd3 fxg3
29. hxg3 Rf3 30. Qf1 Bxg3 0-1

[Event "2024 British Rapidplay Championship"]
[Site "Holiday Inn Peterborough - West"]
[Date "2024.03.03"]
[Round "11.85"]
[White "Fairhurst, Frederick"]
[Black "Bellano, Harry"]
[Result "1-0"]
[WhiteFideId "343425682"]
[BlackFideId "343430015"]
[WhiteElo "1600"]
[BlackElo "1632"]
[EventDate "2024.03.02"]

1. e4 e5 2. Nf3 Nc6 3. Bb5 a6 4. Ba4 Nf6 5. O-O b5 6. Bb3 Be7 7. Re1 O-O 8. c3 d5
9. exd5 Nxd5 10. Nxe5 Nxe5 11. Rxe5 c6 12. h3 Bd6 13. Re1 Qg5 14. d4 Nf4 15. Bxf4
Bxf4 16. Qf3 Bb7 17. Re4 c5 18. Qxf4 Qg6 19. Bc2 cxd4 20. g3 dxc3 21. Nxc3 Rac8 22.
Re2 Qc6 23. Be4 Qb6 24. Bxb7 Qxb7 25. Qe4 Qc7 26. Nd5 f5 27. Qe6+ 1-0

[Event "2024 British Rapidplay Championship"]
[Site "Holiday Inn Peterborough - West"]
[Date "2024.03.03"]
[Round "11.86"]
[White "Gunarathne, Senith"]
[Black "Chedd, Neil"]
[Result "0-1"]
[WhiteFideId "343104324"]
[BlackFideId "343422853"]
[WhiteElo "1591"]
[BlackElo "1603"]
[EventDate "2024.03.02"]

1. e4 c6 2. d4 d5 3. exd5 cxd5 4. c4 Nf6 5. Nc3 Nc6 6. Nf3 e6 7. Bf4 Bd6 8. Bg3 O-O
9. Bd3 a6 10. O-O dxc4 11. Bxc4 b5 12. Bd3 Bb7 13. Rc1 Rc8 14. Bh4 Be7 15. Bb1 Nb4
16. a3 Nbd5 17. Qd3 Nf4 18. Qc2 g6 19. Qd2 N4d5 20. Nxd5 Nxd5 21. Bxe7 Qxe7 22. Be4
Rc7 23. Rxc7 Qxc7 24. Rc1 Qe7 25. Qe1 Rd8 26. Rc5 Nf4 27. Bxb7 Qxb7 28. Qd2 Qe4 29.
Re5 Qb1+ 30. Re1 Qf5 31. Ne5 Qg5 32. Ng4 Nh3+ 33. gxh3 Qxd2 34. Re3 Rxd4 35. Rc3
Kg7 36. Rf3 Rf4 37. Rc3 h5 38. Ne3 Qxf2+ 39. Kh1 Qe1+ 40. Kg2 Rf2+ 41. Kg3 Qg1+ 42.
Kh4 Rf4+ 43. Ng4 Rxg4+ 44. hxg4 Qxg4# 0-1

[Event "2024 British Rapidplay Championship"]
[Site "Holiday Inn Peterborough - West"]
[Date "2024.03.03"]
[Round "11.87"]
[White "Smith, Andrew PE"]
[Black "Keshari, Rohit"]
[Result "0-1"]
[WhiteFideId "469793"]
[BlackFideId "497088"]
[WhiteElo "1645"]
[BlackElo "1590"]
[EventDate "2024.03.02"]

1. d4 d5 2. Nf3 e6 3. e3 Bd6 4. Bd3 f5 5. c4 c6 6. Nc3 Nf6 7. O-O O-O 8. b3 Nbd7
9. Bb2 Ne4 10. Bxe4 fxe4 11. Nd2 Qh4 12. g3 Qh3 13. f4 Nf6 14. Qe2 Bd7 15. Qg2 Qh5
16. Rae1 Ng4 17. h3 Nh6 18. Rf2 Rf6 19. g4 Qf7 20. Kf1 Rg6 21. Ke2 Be7 22. Rg1 Nf5
23. Qf1 Nh4 24. Kd1 a6 25. Ne2 b5 26. c5 a5 27. Ng3 b4 28. f5 exf5 29. gxf5 Rf6 30.
Qe2 Nxf5 31. Nh5 Rg6 32. Rxg6 Qxg6 33. Rg2 Qxg2 34. Qxg2 Nxe3+ 0-1

[Event "2024 British Rapidplay Championship"]
[Site "Holiday Inn Peterborough - West"]
[Date "2024.03.03"]
[Round "11.88"]
[White "Barton, Ben"]
[Black "Sriram, Gautam"]
[Result "1-0"]
[WhiteFideId "343416993"]
[BlackFideId "498491"]
[WhiteElo "1671"]
[BlackElo "1480"]
[EventDate "2024.03.02"]

1. e4 d5 2. d4 dxe4 3. Nc3 Nf6 4. f3 exf3 5. Nxf3 Bf5 6. Bc4 e6 7. O-O Bd6 8. Bg5
Nbd7 9. Nh4 Bg6 10. Nxg6 hxg6 11. Ne4 Bxh2+ 12. Kh1 Bf4+ 13. Kg1 Bxg5 14. Nxg5 c6
15. Qd3 Nd5 16. Nxf7 Qh4 17. Nxh8 Qxh8 18. Qxg6+ Kd8 19. Qxe6 Kc7 20. Bxd5 g5 21.
Bf3 Qxd4+ 22. Rf2 Rh8 23. Rd1 Qg7 24. Qd6+ Kc8 25. Bg4 Rd8 26. Bxd7+ Qxd7 27. Qxd7+
Rxd7 28. Rf8+ Kc7 29. Rxd7+ Kxd7 30. Rf7+ Kc8 31. Rg7 a6 32. Kf2 b5 33. Ke3 a5 34.
Kd4 b4 35. Kc5 a4 36. Kxc6 Kd8 37. Kd6 Ke8 38. Ke6 Kf8 39. Rb7 b3 40. cxb3 g4 41.
bxa4 g3 42. Re7 Kg8 43. b4 Kf8 44. b5 1-0

[Event "2024 British Rapidplay Championship"]
[Site "Holiday Inn Peterborough - West"]
[Date "2024.03.03"]
[Round "11.89"]
[White "Waterman, Nick I"]
[Black "Yu, Robin"]
[Result "0-1"]
[WhiteFideId "443123"]
[BlackFideId "343401333"]
[WhiteElo "1667"]
[BlackElo "1554"]
[EventDate "2024.03.02"]

1. Nf3 d5 2. c4 d4 3. b4 b6 4. g3 c5 5. bxc5 bxc5 6. Bg2 Bb7 7. O-O e6 8. d3 Nf6
9. Nbd2 Bd6 10. Rb1 Qc7 11. Nb3 O-O 12. Bd2 Nc6 13. Ng5 Rab8 14. Ne4 Nxe4 15. Bxe4
Ne7 16. Bxb7 Rxb7 17. Qc2 Rfb8 18. e3 e5 19. e4 Nc6 20. f4 Nb4 21. Bxb4 Rxb4 22.
fxe5 Bxe5 23. Rf3 a5 24. a3 R4b7 25. Nd2 Bf6 26. h4 Rxb1+ 27. Nxb1 Rb6 28. Nd2 g6
29. Kg2 Bg7 30. Rf1 Be5 31. Rf3 Qb8 32. Qd1 Bg7 33. Rf2 Be5 34. Nf1 Rb3 35. a4 Bg7
36. Qf3 Qb7 37. Nd2 Rb4 38. Qd1 Qd7 39. Nb3 Qxa4 40. Qf3 Rxb3 41. Qxf7+ Kh8 42. Qe7
Rb8 43. Rf7 Qc2+ 44. Kh3 Rg8 45. Qxc5 Qe2 0-1

[Event "2024 British Rapidplay Championship"]
[Site "Holiday Inn Peterborough - West"]
[Date "2024.03.03"]
[Round "11.90"]
[White "Ferris, Oliver"]
[Black "Mohamed Nasrudeen Meeran, Muiz Ul Meeran"]
[Result "1-0"]
[WhiteFideId "343400850"]
[BlackFideId "343423744"]
[WhiteElo "1546"]
[BlackElo "1642"]
[EventDate "2024.03.02"]

1. e4 e5 2. Nf3 Nc6 3. Bb5 d6 4. O-O Nf6 5. Re1 a6 6. Ba4 Bg4 7. c3 Be7 8. d3 O-O
9. Bg5 h6 10. Bh4 Nh7 11. Bxe7 Qxe7 12. Nbd2 Qf6 13. Qc2 Bxf3 14. Nxf3 Ng5 15. Re3
Qg6 16. Nh4 Qf6 17. Nf5 Ne7 18. Ng3 Qg6 19. Bb3 Kh8 20. Rf1 f5 21. Nxf5 Nxf5 22.
exf5 Qxf5 23. h4 Nh7 24. Bd5 c6 25. Be4 Qg4 26. Bxh7 Kxh7 27. d4+ Kh8 28. dxe5 dxe5
29. Re4 Qg6 30. Qe2 Rf4 31. Re1 Raf8 32. Rxe5 Qf6 33. Re8 Rxe8 34. Qxe8+ Kh7 35.
Qe3 Rxh4 36. Qd3+ Qg6 37. Qxg6+ Kxg6 38. Re7 Ra4 39. a3 Ra5 40. Rxb7 Rb5 41. Rxb5
cxb5 42. Kf1 Kf5 43. Ke2 Ke4 44. f3+ Kf4 45. Kf2 g5 46. g3+ Kf5 47. Ke3 Ke5 48. b3
h5 49. Ke2 h4 50. Kf2 a5 51. Kg2 Kf6 52. Kh3 Kf5 53. f4 gxf4 54. gxh4 a4 55. bxa4
bxa4 56. h5 Kg5 57. h6 Kxh6 58. Kg4 Kg6 59. Kxf4 Kf6 60. Ke4 Ke6 61. Kd4 Kd6 62.
Kc4 Kc6 63. Kb4 Kb6 64. Kxa4 Kc5 65. Kb3 Kb5 66. a4+ Kc5 67. a5 Kb5 68. a6 Kxa6 69.
Ka4 Kb6 70. Kb4 Kc6 71. Kc4 Kc7 72. Kc5 Kd7 73. Kb6 Kd8 74. c4 Kd7 75. c5 Kd8 76.
Kb7 Kd7 77. c6 Kd6 78. c7 Kd7 79. c8=Q Kd6 80. Qc7+ Kd5 81. Qc6+ Kd4 82. Kb6 Kd3
83. Qc5 Kd2 84. Qc4 Ke3 85. Qd5 Kf2 86. Qe4 Kg3 87. Qf5 Kg2 88. Qf4 Kh1 89. Qg4 1-0

[Event "2024 British Rapidplay Championship"]
[Site "Holiday Inn Peterborough - West"]
[Date "2024.03.03"]
[Round "11.91"]
[White "Stokes, Richard"]
[Black "Mohammed Sharifdeen, Mohamed Nasrudeen Meeran"]
[Result "1/2-1/2"]
[WhiteFideId "432628"]
[BlackFideId "343423736"]
[WhiteElo "1692"]
[BlackElo "1551"]
[EventDate "2024.03.02"]

1. e4 e5 2. f4 exf4 3. Nf3 d6 4. Bc4 Be6 5. Bxe6 fxe6 6. O-O e5 7. d4 Nd7 8. dxe5
dxe5 9. Nc3 Ngf6 10. Nd5 Nxe4 11. b4 c6 12. Nxe5 Nxe5 13. Qh5+ Ng6 14. Bb2 Qxd5 15.
Qg4 Bxb4 16. Rad1 Bc5+ 17. Kh1 Nf2+ 18. Rxf2 Qxa2 19. Qd7+ Kf8 20. Qxg7+ Ke8 21.
Qd7+ Kf8 22. Qg7+ Ke8 23. Qd7+ 1/2-1/2